[Event "MA7 Gruppe 2"]
[Site "Koge"]
[Date "2004.04.06"]
[Round "1"]
[White "Brekka, Hanus"]
[Black "Jensen, Morten Frank"]
[Result "1-0"]
[WhiteElo "2003"]
[BlackElo "2009"]
[PlyCount "91"]
[EventDate "2004.04.06"]
[EventType "tourn"]
[EventRounds "7"]
[EventCountry "DEN"]

1. e4 Nc6 2. Nc3 d6 3. d4 e5 4. dxe5 dxe5 5. Qxd8+ Nxd8 6. Nf3 f6 7. Nb5 Ne6 8.
Bc4 c6 9. Nc3 b5 10. Bd3 Bc5 11. Be3 Bxe3 12. fxe3 Nh6 13. h3 a6 14. Nh4 Nc5
15. O-O Be6 16. b4 Nxd3 17. cxd3 O-O-O 18. Rfd1 g5 19. Nf5 Bxf5 20. exf5 Nxf5
21. Rf1 Nxe3 22. Rxf6 Rxd3 23. Rxc6+ Kb7 24. Rc5 Rc8 25. Ne4 Nc4 26. a4 Rd4 27.
axb5 Rxc5 28. Nxc5+ Kb6 29. bxa6 Ka7 30. Rf1 Nd6 31. Rf6 Nb5 32. Rf7+ Ka8 33.
Rb7 Nd6 34. Rb6 Nc8 35. Rc6 Nd6 36. Ne6 Rd1+ 37. Kh2 e4 38. Nc7+ Kb8 39. a7+
Kxa7 40. Rxd6 Rxd6 41. Nb5+ Ka6 42. Nxd6 e3 43. Kg3 h5 44. Kf3 g4+ 45. hxg4
hxg4+ 46. Kxe3 1-0

[Event "MA7 Gruppe 2"]
[Site "Koge"]
[Date "2004.04.06"]
[Round "1"]
[White "Jensen, Lars Max"]
[Black "Nielsen, Per"]
[Result "0-1"]
[WhiteElo "2004"]
[BlackElo "2029"]
[PlyCount "44"]
[EventDate "2004.04.06"]
[EventType "tourn"]
[EventRounds "7"]
[EventCountry "DEN"]

1. e4 d5 2. exd5 Nf6 3. d4 Bg4 4. f3 Bf5 5. Bb5+ Nbd7 6. c4 a6 7. Bxd7+ Qxd7 8.
Ne2 e6 9. dxe6 Qxe6 10. b3 O-O-O 11. O-O Bd6 12. Nbc3 h6 13. Re1 Rhe8 14. Bd2
Qd7 15. Kh1 g5 16. a3 g4 17. f4 h5 18. d5 g3 19. hxg3 Ne4 20. Nxe4 Bxe4 21. Nc3
Qh3+ 22. Kg1 Qxg2# 0-1

[Event "MA7 Gruppe 2"]
[Site "Koge"]
[Date "2004.04.06"]
[Round "1"]
[White "Jensen, Stig Gorm"]
[Black "Lilja, Richard"]
[Result "0-1"]
[WhiteElo "2014"]
[BlackElo "2008"]
[PlyCount "69"]
[EventDate "2004.04.06"]
[EventType "tourn"]
[EventRounds "7"]
[EventCountry "DEN"]

1. e4 c5 2. Nf3 d6 3. d4 cxd4 4. Qxd4 Nc6 5. Bb5 Bd7 6. Bxc6 Bxc6 7. Nc3 Nf6 8.
Bg5 e5 9. Qd3 Qa5 10. Bxf6 gxf6 11. O-O Rg8 12. Nh4 Rd8 13. Nd5 Bxd5 14. exd5
Rg4 15. Nf5 Rc8 16. Ne3 Rg6 17. a4 Rc5 18. c3 Qc7 19. Ra3 Qd7 20. b4 Rc8 21.
Qb5 a6 22. Qd3 Bh6 23. Nf5 Bf4 24. g3 Rg5 25. Nxd6+ Qxd6 26. Kh1 Rg4 27. f3 Rg5
28. gxf4 exf4 29. c4 Re5 30. Raa1 Qxb4 31. d6 Rd8 32. Rab1 Qxd6 33. Qxh7 Qc6
34. Qh4 Rd4 35. Qxf6 0-1

[Event "MA7 Gruppe 2"]
[Site "Koge"]
[Date "2004.04.06"]
[Round "1"]
[White "Hansen, Lars Henrik Bech"]
[Black "Mortensen, Henrik"]
[Result "1/2-1/2"]
[WhiteElo "1993"]
[BlackElo "1998"]
[PlyCount "51"]
[EventDate "2004.04.06"]
[EventType "tourn"]
[EventRounds "7"]
[EventCountry "DEN"]

1. e4 e6 2. d4 d5 3. Nc3 Nf6 4. Bg5 Be7 5. e5 Ne4 6. Nxe4 Bxg5 7. Nxg5 Qxg5 8.
Nf3 Qe7 9. Bd3 c5 10. dxc5 Qxc5 11. O-O Qe7 12. Re1 O-O 13. Nd4 Nc6 14. c3 Nxd4
15. cxd4 Bd7 16. Qc2 h6 17. Qc7 Rfc8 18. Qxb7 Rcb8 19. Qc7 Rxb2 20. Reb1 Rxb1+
21. Rxb1 Qd8 22. Qxd8+ Rxd8 23. Ba6 Ba4 24. f4 Kf8 25. Rb7 Rd7 26. Rxd7 1/2-1/2

[Event "MA7 Gruppe 2"]
[Site "Koge"]
[Date "2004.04.07"]
[Round "2"]
[White "Jensen, Morten Frank"]
[Black "Mortensen, Henrik"]
[Result "1/2-1/2"]
[WhiteElo "2009"]
[BlackElo "1998"]
[PlyCount "35"]
[EventDate "2004.04.06"]
[EventType "tourn"]
[EventRounds "7"]
[EventCountry "DEN"]

1. e4 d5 2. Nc3 c6 3. Nf3 Bg4 4. h3 Bh5 5. exd5 cxd5 6. g4 Bg6 7. Ne5 Nc6 8.
Bb5 Qd6 9. d4 a6 10. Ba4 b5 11. Nxc6 Qxc6 12. Bb3 e6 13. Qe2 Be7 14. a4 b4 15.
a5 Qc7 16. Nd1 Nf6 17. Qe5 Bd6 18. Qe2 1/2-1/2

[Event "MA7 Gruppe 2"]
[Site "Koge"]
[Date "2004.04.07"]
[Round "2"]
[White "Lilja, Richard"]
[Black "Hansen, Lars Henrik Bech"]
[Result "1/2-1/2"]
[WhiteElo "2008"]
[BlackElo "1993"]
[PlyCount "34"]
[EventDate "2004.04.06"]
[EventType "tourn"]
[EventRounds "7"]
[EventCountry "DEN"]

1. e4 d6 2. Nc3 g6 3. d4 Nf6 4. Be2 Bg7 5. Nf3 c5 6. dxc5 Qa5 7. O-O Qxc5 8.
Be3 Qa5 9. h3 O-O 10. Qd2 Nc6 11. Bh6 Bd7 12. Bxg7 Kxg7 13. Nh2 Rac8 14. f4
Qc5+ 15. Kh1 Nd4 16. Rad1 Nxe2 17. Qxe2 Be6 1/2-1/2

[Event "MA7 Gruppe 2"]
[Site "Koge"]
[Date "2004.04.07"]
[Round "2"]
[White "Nielsen, Per"]
[Black "Jensen, Stig Gorm"]
[Result "1/2-1/2"]
[WhiteElo "2029"]
[BlackElo "2014"]
[PlyCount "177"]
[EventDate "2004.04.06"]
[EventType "tourn"]
[EventRounds "7"]
[EventCountry "DEN"]

1. d4 f5 2. g3 Nf6 3. Bg2 e6 4. Nh3 d6 5. O-O Nc6 6. c4 e5 7. Bxc6+ bxc6 8.
dxe5 Ng4 9. exd6 cxd6 10. Nc3 Be7 11. Qc2 O-O 12. b3 Bd7 13. Bb2 Qc7 14. Rad1
Rae8 15. Nf4 g5 16. Nh5 Be6 17. Ng7 Qd7 18. Nxe8 Qxe8 19. h3 Ne5 20. Kg2 Qh5
21. Rh1 f4 22. g4 f3+ 23. exf3 Qh4 24. Ne4 Nxf3 25. Qc3 Ne5 26. Qg3 Ng6 27.
Qxh4 Nxh4+ 28. Kf1 d5 29. Nd2 Bc5 30. Ke2 Rxf2+ 31. Kd3 dxc4+ 32. bxc4 Ng2 33.
Ne4 Rf3+ 34. Kd2 Bb4+ 35. Kc2 Bxc4 36. Rd8+ Bf8 37. Nxg5 Ne3+ 38. Kc3 Rf2 39.
Ba3 Bd5 40. Rb1 Ng2 41. Rg1 Nh4 42. Bxf8 Rxf8 43. Rxf8+ Kxf8 44. Rf1+ Kg7 45.
Kd4 h6 46. Ne4 Bxa2 47. Ra1 Bd5 48. Rxa7+ Kg6 49. Ng3 Ng2 50. Nh5 Kg5 51. Rh7
Ne1 52. Ke3 Nc2+ 53. Kf2 Nd4 54. Ng3 Kg6 55. Rd7 Kg5 56. Rh7 Kg6 57. Rh8 Kg7
58. Re8 Kg6 59. Ke3 Ne6 60. h4 Ng7 61. Rc8 Kf6 62. Kd4 Kg6 63. Ke5 Bf3 64. Kf4
Bd5 65. Nf5 Nxf5 66. gxf5+ Kf6 67. Rc7 h5 68. Rh7 c5 69. Rxh5 c4 70. Rh6+ Ke7
71. Rg6 c3 72. Ke3 c2 73. Kd2 Bf3 74. Kxc2 Be4+ 75. Kd2 Bxf5 76. Rg5 Kf6 77.
Ke3 Bb1 78. Kf4 Bc2 79. Rc5 Bd1 80. Rc6+ Kg7 81. Kg5 Bb3 82. h5 Ba2 83. Rc7+
Kh8 84. h6 Bb1 85. Rb7 Bd3 86. Rb8+ Kh7 87. Rd8 Bc2 88. Rd7+ Kh8 89. Rg7
1/2-1/2

[Event "MA7 Gruppe 2"]
[Site "Koge"]
[Date "2004.04.07"]
[Round "2"]
[White "Brekka, Hanus"]
[Black "Jensen, Lars Max"]
[Result "1/2-1/2"]
[WhiteElo "2003"]
[BlackElo "2004"]
[PlyCount "86"]
[EventDate "2004.04.06"]
[EventType "tourn"]
[EventRounds "7"]
[EventCountry "DEN"]

1. e4 e6 2. d3 c5 3. f4 Nc6 4. Nf3 d6 5. c3 g6 6. Be2 Bg7 7. O-O Qb6 8. Na3
Nge7 9. Nc4 Qc7 10. Ne3 f5 11. Ng5 h6 12. Nh3 Bd7 13. Bd2 O-O-O 14. Rc1 e5 15.
Nd5 Nxd5 16. exd5 Ne7 17. Bf3 exf4 18. Nxf4 g5 19. Nh5 Rhg8 20. Re1 Be8 21.
Nxg7 Rxg7 22. g3 Ng6 23. d4 f4 24. Qe2 Bf7 25. Bg4+ Kb8 26. Be6 cxd4 27. cxd4
Qb6 28. Rc4 Be8 29. Rec1 a6 30. a4 Ne5 31. Ba5 Qxa5 32. dxe5 Qb6+ 33. Kh1 fxg3
34. hxg3 Bd7 35. Bxd7 Rdxd7 36. e6 Rde7 37. b4 Ka7 38. a5 Qb5 39. Qf2+ b6 40.
Qf8 Qxd5+ 41. Kh2 Qd2+ 42. Kh1 Qd5+ 43. Kh2 Qd2+ 1/2-1/2

[Event "MA7 Gruppe 2"]
[Site "Koge"]
[Date "2004.04.08"]
[Round "3"]
[White "Jensen, Lars Max"]
[Black "Jensen, Morten Frank"]
[Result "0-1"]
[WhiteElo "2004"]
[BlackElo "2009"]
[PlyCount "80"]
[EventDate "2004.04.06"]
[EventType "tourn"]
[EventRounds "7"]
[EventCountry "DEN"]

1. e4 Nc6 2. d4 e5 3. d5 Nce7 4. Nf3 Ng6 5. h4 h5 6. Bg5 Be7 7. Nc3 d6 8. g3 a6
9. Be2 Bg4 10. Qd2 Nf6 11. O-O-O b5 12. a3 Qb8 13. Bxf6 Bxf6 14. Nh2 Bd7 15.
Na2 a5 16. c3 Nf8 17. Nf1 g6 18. Ne3 Bg7 19. f4 Bh6 20. Ng2 Nh7 21. Kb1 Nf6 22.
Bf3 Ng4 23. Rdf1 Qb6 24. Nc1 O-O 25. Nd3 f5 26. Qe2 b4 27. Bxg4 fxg4 28. fxe5
bxc3 29. Rxf8+ Rxf8 30. Qc2 dxe5 31. Qxc3 Rf3 32. Nge1 Rxg3 33. Qxe5 Re3 34.
Rf1 Bg7 35. Qe7 Bb5 36. Rf7 Bxd3+ 37. Nxd3 Qd4 38. Qd8+ Kxf7 39. Qd7+ Kg8 40.
Qe6+ Kh7 0-1

[Event "MA7 Gruppe 2"]
[Site "Koge"]
[Date "2004.04.08"]
[Round "3"]
[White "Jensen, Stig Gorm"]
[Black "Brekka, Hanus"]
[Result "1/2-1/2"]
[WhiteElo "2014"]
[BlackElo "2003"]
[PlyCount "80"]
[EventDate "2004.04.06"]
[EventType "tourn"]
[EventRounds "7"]
[EventCountry "DEN"]

1. e4 c5 2. Nf3 d6 3. d4 cxd4 4. Qxd4 Nc6 5. Bb5 Bd7 6. Bxc6 Bxc6 7. Nc3 e5 8.
Qd3 Be7 9. Nd5 Bxd5 10. Qxd5 Qd7 11. O-O Nf6 12. Qd3 O-O 13. Bg5 h6 14. Bxf6
Bxf6 15. Rfd1 Rac8 16. c4 Qc6 17. b3 Be7 18. Nd2 a6 19. Nb1 b5 20. cxb5 axb5
21. Na3 Rb8 22. Rdc1 Qa6 23. Nc2 Rbc8 24. Rd1 Qa5 25. Ne3 Rfd8 26. Nf5 Bf8 27.
a4 b4 28. Rac1 Rxc1 29. Rxc1 d5 30. Qg3 Qb6 31. Qxe5 dxe4 32. Qxe4 Rd2 33. Ne3
Qf6 34. f4 Qb2 35. Qc4 Re2 36. Rc2 Qb1+ 37. Rc1 Qb2 38. Rc2 Qb1+ 39. Rc1 Qb2
40. Rc2 Qb1+ 1/2-1/2

[Event "MA7 Gruppe 2"]
[Site "Koge"]
[Date "2004.04.08"]
[Round "3"]
[White "Hansen, Lars Henrik Bech"]
[Black "Nielsen, Per"]
[Result "1/2-1/2"]
[WhiteElo "1993"]
[BlackElo "2029"]
[PlyCount "67"]
[EventDate "2004.04.06"]
[EventType "tourn"]
[EventRounds "7"]
[EventCountry "DEN"]

1. e4 d5 2. exd5 Nf6 3. Bb5+ Bd7 4. Bc4 Bg4 5. f3 Bc8 6. Bb5+ Bd7 7. Bc4 b5 8.
Bb3 Na6 9. d4 Nb4 10. Nc3 a5 11. a3 a4 12. Bxa4 Nbxd5 13. Nxd5 Nxd5 14. Bb3 e6
15. Qe2 Be7 16. Bxd5 exd5 17. Qe5 O-O 18. Qxd5 Bh4+ 19. g3 Re8+ 20. Kf2 Bf6 21.
Ne2 Qe7 22. Re1 Rad8 23. c3 Be6 24. Qc5 Qd7 25. Bf4 Bc4 26. Ng1 c6 27. Bg5 Bxg5
28. Qxg5 f6 29. Rxe8+ Rxe8 30. Qd2 Qf5 31. Re1 Rxe1 32. Qxe1 Qc2+ 33. Ke3 Qxb2
34. Qd2 1/2-1/2

[Event "MA7 Gruppe 2"]
[Site "Koge"]
[Date "2004.04.08"]
[Round "3"]
[White "Mortensen, Henrik"]
[Black "Lilja, Richard"]
[Result "1/2-1/2"]
[WhiteElo "1998"]
[BlackElo "2008"]
[PlyCount "85"]
[EventDate "2004.04.06"]
[EventType "tourn"]
[EventRounds "7"]
[EventCountry "DEN"]

1. d4 Nf6 2. Nc3 d5 3. Bg5 Nbd7 4. f3 h6 5. Bh4 e6 6. e4 Bb4 7. e5 g5 8. Bf2
Nh7 9. a3 Be7 10. b4 c6 11. Bd3 b6 12. Nce2 a5 13. Rb1 Ba6 14. Nc1 Nhf8 15.
Nge2 Bxd3 16. Nxd3 Ng6 17. O-O Qc7 18. Be3 c5 19. c3 c4 20. Ne1 axb4 21. axb4
b5 22. Qd2 Nh4 23. Bf2 Nf5 24. g4 Ng7 25. Be3 f5 26. exf6 Nxf6 27. Bf2 Kd7 28.
Nc2 Ra2 29. Ra1 Rha8 30. Rxa2 Rxa2 31. Ra1 Qa7 32. Qc1 Rxa1 33. Qxa1 Qxa1+ 34.
Nxa1 Bd6 35. Nc2 Nge8 36. h3 Nc7 37. Be3 Na8 38. Kg2 Ke7 39. Bd2 Kf7 40. Be1
Kg6 41. Bf2 Ng8 42. Bg3 Bxg3 43. Kxg3 1/2-1/2

[Event "MA7 Gruppe 2"]
[Site "Koge"]
[Date "2004.04.09"]
[Round "4"]
[White "Jensen, Morten Frank"]
[Black "Lilja, Richard"]
[Result "0-1"]
[WhiteElo "2009"]
[BlackElo "2008"]
[PlyCount "84"]
[EventDate "2004.04.06"]
[EventType "tourn"]
[EventRounds "7"]
[EventCountry "DEN"]

1. e4 c5 2. Nc3 Nc6 3. g3 g6 4. Bg2 Bg7 5. d3 d6 6. Be3 Rb8 7. Qd2 b5 8. Rb1 b4
9. Nce2 Qa5 10. Nc1 Be6 11. Nge2 h5 12. h3 Bd7 13. O-O e6 14. f4 Nge7 15. e5
dxe5 16. Nb3 Qc7 17. Nxc5 exf4 18. Nxf4 Bc8 19. Ne4 Nf5 20. Bf2 Bh6 21. Rbe1 h4
22. Bc5 hxg3 23. Nf6+ Kd8 24. Ng4 Bg7 25. c3 bxc3 26. bxc3 Nce7 27. d4 Ba6 28.
Rxe6 Bxf1 29. Bxf1 g5 30. Ne5 Bxe5 31. dxe5+ Ke8 32. Bd6 Qb6+ 33. Kg2 Ne3+ 34.
Kf3 fxe6 35. Bxb8 Nxf1 36. Qe2 Qb7+ 37. Kg4 Nh2+ 38. Kxg3 Qxb8 39. Nxe6 Ng6 40.
Ng7+ Kf7 41. Qf2+ Kxg7 42. Kxh2 Qxe5+ 0-1

[Event "MA7 Gruppe 2"]
[Site "Koge"]
[Date "2004.04.09"]
[Round "4"]
[White "Nielsen, Per"]
[Black "Mortensen, Henrik"]
[Result "1/2-1/2"]
[WhiteElo "2029"]
[BlackElo "1998"]
[PlyCount "89"]
[EventDate "2004.04.06"]
[EventType "tourn"]
[EventRounds "7"]
[EventCountry "DEN"]

1. d4 d5 2. c4 e6 3. cxd5 exd5 4. Nc3 Be7 5. Nf3 Nf6 6. Bg5 h6 7. Bh4 O-O 8. e3
c6 9. Bd3 Be6 10. Qc2 Nbd7 11. O-O c5 12. Rae1 Rc8 13. Qb1 c4 14. Bf5 a6 15.
Bg3 b5 16. Ne5 Nxe5 17. dxe5 Nh5 18. Bxe6 fxe6 19. Qg6 Nxg3 20. Qxe6+ Kh8 21.
hxg3 Bb4 22. Rd1 Bxc3 23. Rxd5 Bxb2 24. Rxd8 Rfxd8 25. Qxa6 Bxe5 26. Qxb5 Bf6
27. Rc1 c3 28. Qf5 Ra8 29. e4 Bd4 30. Rc2 Rf8 31. Qd5 Rad8 32. Qc6 Bxf2+ 33.
Rxf2 Rd1+ 34. Kh2 Rxf2 35. Qxc3 Rdd2 36. Kh3 Rxa2 37. e5 Ra8 38. Qc6 Rfa2 39.
Kg4 R2a6 40. Qd7 R6a7 41. Qd5 Ra5 42. Qe6 R5a6 43. Qf7 R6a7 44. Qg6 Re7 45. Kf4
1/2-1/2

[Event "MA7 Gruppe 2"]
[Site "Koge"]
[Date "2004.04.09"]
[Round "4"]
[White "Brekka, Hanus"]
[Black "Hansen, Lars Henrik Bech"]
[Result "1/2-1/2"]
[WhiteElo "2003"]
[BlackElo "1993"]
[PlyCount "22"]
[EventDate "2004.04.06"]
[EventType "tourn"]
[EventRounds "7"]
[EventCountry "DEN"]

1. Nf3 Nf6 2. d4 g6 3. g3 Bg7 4. Bg2 O-O 5. O-O d6 6. c4 c6 7. Nc3 Qa5 8. e4 e5
9. dxe5 dxe5 10. Qc2 Na6 11. a3 Be6 1/2-1/2

[Event "MA7 Gruppe 2"]
[Site "Koge"]
[Date "2004.04.09"]
[Round "4"]
[White "Jensen, Lars Max"]
[Black "Jensen, Stig Gorm"]
[Result "1-0"]
[WhiteElo "2004"]
[BlackElo "2014"]
[PlyCount "81"]
[EventDate "2004.04.06"]
[EventType "tourn"]
[EventRounds "7"]
[EventCountry "DEN"]

1. e4 e5 2. Nf3 f5 3. Nxe5 Nc6 4. d4 Nf6 5. Nxc6 dxc6 6. e5 Nd5 7. c4 Nb6 8.
Be2 Be6 9. b3 Qh4 10. g3 Bb4+ 11. Kf1 Qh3+ 12. Kg1 Be7 13. Bf1 Qg4 14. Qxg4
fxg4 15. h4 O-O-O 16. Be3 h5 17. Nc3 Bf5 18. Bg2 Bb4 19. Be4 Bxc3 20. Bxf5+ Kb8
21. Rd1 c5 22. d5 Bxe5 23. Bxc5 Nc8 24. Kg2 Nd6 25. Bb1 b6 26. Be3 Bf6 27. Bf4
Nf7 28. Rde1 g5 29. hxg5 Nxg5 30. Bxg5 Bxg5 31. Re5 Rdg8 32. Bf5 Bf6 33. Re4
Rg5 34. Be6 Re5 35. Rxe5 Bxe5 36. Bf7 Rf8 37. Bxh5 Bd4 38. Rf1 Rf3 39. Bxg4 Rd3
40. Rd1 Rxd1 41. Bxd1 1-0

[Event "MA7 Gruppe 2"]
[Site "Koge"]
[Date "2004.04.10"]
[Round "5"]
[White "Jensen, Stig Gorm"]
[Black "Jensen, Morten Frank"]
[Result "1-0"]
[WhiteElo "2014"]
[BlackElo "2009"]
[PlyCount "125"]
[EventDate "2004.04.06"]
[EventType "tourn"]
[EventRounds "7"]
[EventCountry "DEN"]

1. e4 Nc6 2. Nf3 d6 3. d4 Bg4 4. Bb5 a6 5. Ba4 b5 6. Bb3 e6 7. d5 Ne5 8. h3
Bxf3 9. gxf3 c5 10. dxc6 Nxc6 11. Nc3 Nf6 12. Bg5 Be7 13. Rg1 Kf8 14. Qd2 Ne5
15. Qe2 Qc7 16. O-O-O Nh5 17. Bxe7+ Qxe7 18. Qe3 Qc7 19. f4 Nc4 20. Bxc4 bxc4
21. Qf3 g6 22. f5 Ke7 23. Qe3 Rab8 24. Qg5+ Kd7 25. fxe6+ fxe6 26. Qe3 Qb6 27.
Qxb6 Rxb6 28. Rd4 Rc6 29. e5 d5 30. f4 Rf8 31. Ne2 Rc7 32. b3 c3 33. Rg4 Ke7
34. Ra4 Rc6 35. Nd4 Rb6 36. Nf3 Kf7 37. Kd1 Kg8 38. Ke2 a5 39. a3 Rc8 40. Ke3
Rxb3 41. cxb3 c2 42. Rg1 c1=Q+ 43. Rxc1 Rxc1 44. Nd4 Rc3+ 45. Kd2 Rxh3 46. Nxe6
Rxb3 47. Rxa5 Rb6 48. Ra8+ Kf7 49. Ng5+ Kg7 50. Ra7+ Kg8 51. Nxh7 Rb3 52. Kc2
Rf3 53. e6 Rxf4 54. Ng5 Kf8 55. a4 Rg4 56. Nh7+ Ke8 57. a5 Rg2+ 58. Kc3 g5 59.
Kd4 g4 60. Ke5 Rc2 61. Kd6 Rc8 62. Re7+ Kd8 63. Rf7 1-0

[Event "MA7 Gruppe 2"]
[Site "Koge"]
[Date "2004.04.10"]
[Round "5"]
[White "Hansen, Lars Henrik Bech"]
[Black "Jensen, Lars Max"]
[Result "0-1"]
[WhiteElo "1993"]
[BlackElo "2004"]
[PlyCount "92"]
[EventDate "2004.04.06"]
[EventType "tourn"]
[EventRounds "7"]
[EventCountry "DEN"]

1. e4 e6 2. d4 d5 3. Nc3 Bb4 4. Bd2 dxe4 5. Qg4 Nf6 6. Qxg7 Rg8 7. Qh6 Rg6 8.
Qh4 Rg4 9. Qh3 Qxd4 10. O-O-O Qxf2 11. Be2 Rg6 12. Rf1 Qc5 13. Be3 Qe7 14. Rxf6
Qxf6 15. Nd5 Qe5 16. Bc4 Nc6 17. Nf4 Rg7 18. Nge2 Bd7 19. Nh5 Rg5 20. Bxg5
Qxg5+ 21. Nhf4 Nd4 22. Nxd4 Qxf4+ 23. Kb1 e3 24. Rd1 Bd2 25. c3 Qe4+ 26. Ka1
O-O-O 27. Be2 e5 28. Qf3 Qxf3 29. Nxf3 Ba4 30. Rf1 f6 31. Nh4 Rf8 32. g4 Bc2
33. g5 f5 34. g6 hxg6 35. Nxg6 Re8 36. h4 f4 37. h5 Bxg6 38. hxg6 Rg8 39. Rg1
e4 40. Bc4 Rg7 41. Rg4 f3 42. Rxe4 Rxg6 43. a4 e2 44. Bd3 Rg1+ 45. Ka2 e1=Q 46.
Rd4 Qe6+ 0-1

[Event "MA7 Gruppe 2"]
[Site "Koge"]
[Date "2004.04.10"]
[Round "5"]
[White "Mortensen, Henrik"]
[Black "Brekka, Hanus"]
[Result "1/2-1/2"]
[WhiteElo "1998"]
[BlackElo "2003"]
[PlyCount "119"]
[EventDate "2004.04.06"]
[EventType "tourn"]
[EventRounds "7"]
[EventCountry "DEN"]

1. d4 Nf6 2. Nf3 g6 3. c4 Bg7 4. g3 O-O 5. Bg2 c6 6. Nc3 d6 7. O-O Qa5 8. e4
Bg4 9. h3 Bxf3 10. Bxf3 Nbd7 11. Be3 e5 12. Bg2 Qb4 13. Qe2 exd4 14. Bxd4 Ne5
15. b3 Nh5 16. Rad1 Qa5 17. Na4 Qc7 18. Kh2 Nf6 19. Bb2 Rfd8 20. f4 Ned7 21.
Ba3 Nb6 22. Nc3 Rd7 23. Rd3 a6 24. Rfd1 c5 25. Bb2 Re8 26. a4 Nc8 27. Qd2 Rde7
28. Re1 Rd7 29. g4 Qa5 30. e5 dxe5 31. Rxd7 Nxd7 32. Qxd7 Rd8 33. Qxb7 exf4 34.
Bd5 Nd6 35. Qe7 Bxc3 36. Bxc3 Qxc3 37. Qxd8+ Kg7 38. Qe7 Qg3+ 39. Kh1 Qxh3+ 40.
Kg1 Qxg4+ 41. Kf1 Nf5 42. Qe5+ f6 43. Qc3 Ng3+ 44. Kf2 Qh4 45. Kg2 Nf5 46. Re8
Qg4+ 47. Kf2 Qh4+ 48. Ke2 Qh2+ 49. Ke1 Nd4 50. Kd1 Qh5+ 51. Kc1 Ne2+ 52. Rxe2
Qxe2 53. a5 g5 54. Qh3 g4 55. Qh5 Qe1+ 56. Kc2 Qe2+ 57. Kc1 Qe1+ 58. Kc2 Qe2+
59. Kc1 Qe1+ 60. Kc2 1/2-1/2

[Event "MA7 Gruppe 2"]
[Site "Koge"]
[Date "2004.04.10"]
[Round "5"]
[White "Lilja, Richard"]
[Black "Nielsen, Per"]
[Result "1/2-1/2"]
[WhiteElo "2008"]
[BlackElo "2029"]
[PlyCount "140"]
[EventDate "2004.04.06"]
[EventType "tourn"]
[EventRounds "7"]
[EventCountry "DEN"]

1. Nc3 d5 2. e4 d4 3. Nce2 e5 4. Ng3 c5 5. Bc4 Nc6 6. d3 Qf6 7. Bd2 Be6 8. Bxe6
Qxe6 9. Nh3 f6 10. f4 Nge7 11. O-O O-O-O 12. Kh1 Kb8 13. a3 Nc8 14. fxe5 Nxe5
15. Nf4 Qg4 16. Qxg4 Nxg4 17. Ne6 Re8 18. Nxf8 Rhxf8 19. b4 cxb4 20. Bxb4 Rf7
21. Nf5 Rd7 22. h3 Ne5 23. Rab1 Ka8 24. Rb3 g6 25. Ng3 Re6 26. c4 Ne7 27. Bxe7
Rdxe7 28. Ne2 Nc6 29. g4 Rf7 30. Rb5 Re5 31. Nxd4 Rxb5 32. Nxb5 Ne5 33. Nd6 Rf8
34. d4 Nc6 35. d5 Ne5 36. Rb1 b6 37. a4 Rd8 38. Nb5 Nxc4 39. Rc1 Nd2 40. Re1
Nf3 41. Rf1 Ng5 42. Nc7+ Kb7 43. Ne6 Nxe6 44. dxe6 Re8 45. Rxf6 Ka6 46. e5 Ka5
47. Rf4 Rxe6 48. Re4 b5 49. axb5 Kxb5 50. h4 a5 51. Kg2 a4 52. Kf3 a3 53. Re1
Kc4 54. Ke4 a2 55. Rc1+ Kb3 56. Kd5 Kb2 57. Rf1 Ra6 58. e6 a1=Q 59. Rxa1 Rxa1
60. e7 Ra8 61. h5 gxh5 62. gxh5 Kc3 63. h6 Kd3 64. Ke6 Ke4 65. Kf7 Kf5 66. e8=Q
Rxe8 67. Kxe8 Kg5 68. Kf7 Kxh6 69. Kf6 Kh5 70. Kf5 Kh4 1/2-1/2

[Event "MA7 Gruppe 2"]
[Site "Koge"]
[Date "2004.04.11"]
[Round "6"]
[White "Jensen, Morten Frank"]
[Black "Nielsen, Per"]
[Result "1/2-1/2"]
[WhiteElo "2009"]
[BlackElo "2029"]
[PlyCount "57"]
[EventDate "2004.04.06"]
[EventType "tourn"]
[EventRounds "7"]
[EventCountry "DEN"]

1. e4 d5 2. Nc3 dxe4 3. Nxe4 Nf6 4. Nxf6+ gxf6 5. Qh5 Qd4 6. Nf3 Qe4+ 7. Be2
Nc6 8. d3 Qf5 9. Qxf5 Bxf5 10. Nh4 Bg6 11. Be3 O-O-O 12. O-O-O f5 13. f4 f6 14.
d4 Nb4 15. c3 Nd5 16. Bd2 e6 17. Rhe1 Bf7 18. Bf3 Nb6 19. Be3 c6 20. g3 Bd6 21.
Bf2 Rhe8 22. Rd2 Kc7 23. b3 Ba3+ 24. Kc2 a5 25. Rde2 Nd5 26. Ng2 b5 27. Ne3
Nxe3+ 28. Bxe3 Re7 29. Rd1 1/2-1/2

[Event "MA7 Gruppe 2"]
[Site "Koge"]
[Date "2004.04.11"]
[Round "6"]
[White "Brekka, Hanus"]
[Black "Lilja, Richard"]
[Result "1-0"]
[WhiteElo "2003"]
[BlackElo "2008"]
[PlyCount "85"]
[EventDate "2004.04.06"]
[EventType "tourn"]
[EventRounds "7"]
[EventCountry "DEN"]

1. e4 c5 2. Nf3 d6 3. d4 cxd4 4. Nxd4 Nf6 5. Nc3 g6 6. Be2 Bg7 7. Be3 O-O 8.
O-O Nbd7 9. Qd2 Nc5 10. f3 a6 11. Rad1 b5 12. Ndxb5 Ncxe4 13. fxe4 axb5 14.
Bxb5 Ng4 15. a4 Bb7 16. h3 Nxe3 17. Qxe3 Bxc3 18. bxc3 Qc7 19. e5 Rad8 20. e6
f6 21. Rf4 Rc8 22. Rc4 Qb8 23. Rh4 g5 24. Rh5 Kg7 25. h4 Rc5 26. hxg5 Rxg5 27.
Rxg5+ fxg5 28. Qxg5+ Kh8 29. Qxe7 Bxg2 30. Qxd6 Bf3 31. Qxb8 Rxb8 32. Rf1 Rg8+
33. Kf2 Bh5 34. e7 Rc8 35. Ke3 Rxc3+ 36. Kd2 Rc7 37. Rf8+ Kg7 38. e8=Q Bxe8 39.
Rxe8 h5 40. Rd8 Kf6 41. Rh8 Rc5 42. Be2 Kg5 43. Rxh5+ 1-0

[Event "MA7 Gruppe 2"]
[Site "Koge"]
[Date "2004.04.11"]
[Round "6"]
[White "Jensen, Lars Max"]
[Black "Mortensen, Henrik"]
[Result "1-0"]
[WhiteElo "2004"]
[BlackElo "1998"]
[PlyCount "41"]
[EventDate "2004.04.06"]
[EventType "tourn"]
[EventRounds "7"]
[EventCountry "DEN"]

1. e4 d5 2. exd5 Qxd5 3. Nc3 Qd6 4. d4 Nf6 5. Nf3 a6 6. g3 b5 7. Bg2 Bb7 8. O-O
e6 9. Re1 Be7 10. Bf4 Qd8 11. Qe2 Nbd7 12. Rad1 b4 13. d5 bxc3 14. dxe6 fxe6
15. Qxe6 Bd5 16. Rxd5 Nxd5 17. Ng5 Rf8 18. Bxd5 Rf5 19. Qg8+ Nf8 20. Qxg7 Kd7
21. Bxa8 1-0

[Event "MA7 Gruppe 2"]
[Site "Koge"]
[Date "2004.04.11"]
[Round "6"]
[White "Jensen, Stig Gorm"]
[Black "Hansen, Lars Henrik Bech"]
[Result "1-0"]
[WhiteElo "2014"]
[BlackElo "1993"]
[PlyCount "73"]
[EventDate "2004.04.06"]
[EventType "tourn"]
[EventRounds "7"]
[EventCountry "DEN"]

1. e4 d6 2. d4 Nf6 3. Nc3 g6 4. Nge2 Bg7 5. g3 O-O 6. Bg2 c6 7. O-O Nbd7 8. h3
b6 9. Bg5 Bb7 10. Qd2 e5 11. Rad1 Qc7 12. b3 b5 13. dxe5 dxe5 14. Qd6 Qxd6 15.
Rxd6 h6 16. Bxf6 Nxf6 17. Rfd1 Rac8 18. a3 a5 19. b4 axb4 20. axb4 Ra8 21. Nc1
Ra1 22. Nb3 Rxd1+ 23. Nxd1 Rb8 24. Na5 Ne8 25. Rd7 Ba8 26. Nb2 Bf8 27. Nd3 Nf6
28. Ra7 Rd8 29. Nxe5 Bxb4 30. Nxf7 Rd1+ 31. Kh2 Bxa5 32. Nxh6+ Kh8 33. Rxa5 Kg7
34. Rxa8 Kxh6 35. Rc8 Rd2 36. Rxc6 Kg7 37. e5 1-0

[Event "MA7 Gruppe 2"]
[Site "Koge"]
[Date "2004.04.12"]
[Round "7"]
[White "Hansen, Lars Henrik Bech"]
[Black "Jensen, Morten Frank"]
[Result "0-1"]
[WhiteElo "1993"]
[BlackElo "2009"]
[PlyCount "92"]
[EventDate "2004.04.06"]
[EventType "tourn"]
[EventRounds "7"]
[EventCountry "DEN"]

1. e4 Nc6 2. d4 e5 3. Nf3 exd4 4. Bc4 Bb4+ 5. c3 dxc3 6. O-O Nf6 7. a3 c2 8.
Qxc2 Be7 9. e5 Ng4 10. Bxf7+ Kxf7 11. Qf5+ Kg8 12. Qxg4 d5 13. e6 Bf6 14. Re1
Ne7 15. Ne5 h5 16. Qh3 Qe8 17. Nd7 Bxd7 18. exd7 Qf7 19. Bf4 Bxb2 20. Ra2 Qxf4
21. Rxb2 Nf5 22. Rbe2 Kf7 23. Re7+ Nxe7 24. Qe6+ Kf8 25. Qxe7+ Kg8 26. Qe8+ Qf8
27. Nc3 c6 28. Qe6+ Kh7 29. Re5 g6 30. Re3 Rg8 31. Rf3 Qh6 32. h4 Rgf8 33. Rd3
Rad8 34. Na4 Qc1+ 35. Kh2 Qf4+ 36. Rg3 Qxh4+ 37. Kg1 Qf6 38. Qe2 Rxd7 39. Nc5
Re7 40. Qc2 Re1+ 41. Kh2 Qh4+ 42. Rh3 Qf4+ 43. Rg3 Rg8 44. Qc3 Qxf2 45. Nd7
Qg1+ 46. Kh3 Qh1# 0-1